[Event "ENCI Limburg-open Veteranen"]
[Site "Maastricht"]
[Date "2009.06.01"]
[Round "5"]
[White "Boer, Henk"]
[Black "Schotanus, Fred"]
[Result "1/2-1/2"]
[WhiteElo "1739"]
[BlackElo "1791"]
[PlyCount "137"]
[EventDate "2009.05.29"]
[EventType "swiss"]
[EventRounds "5"]
[EventCountry "NED"]
[Source "P.Boonen"]
[SourceDate "2010.01.01"]

1. c4 e5 2. Nc3 Nc6 3. g3 g6 4. Bg2 Nge7 5. e4 d6 6. Nge2 Bg7 7. O-O O-O 8. Rb1
Be6 9. d3 Qd7 10. Nd5 f5 11. f4 fxe4 12. dxe4 Rf7 13. Be3 b6 14. Qd2 Raf8 15.
Nec3 a6 16. b4 exf4 17. Bxf4 Ne5 18. Nxe7+ Qxe7 19. Nd5 Qd7 20. Qc2 Kh8 21. c5
b5 22. Bxe5 Bxe5 23. Rxf7 Rxf7 24. Rf1 Rxf1+ 25. Bxf1 Bd4+ 26. Kh1 Qf7 27. Qg2
Bxd5 28. exd5 dxc5 29. bxc5 Bxc5 30. h3 Qf6 31. Qe2 Kg7 32. Kg2 Qd4 33. h4
Qxd5+ 34. Kh2 h5 35. a4 c6 36. axb5 axb5 37. Bg2 Qd6 38. Qe4 b4 39. Qxc6 Qxc6
40. Bxc6 b3 41. Kh3 b2 42. Be4 Be3 43. Kg2 Kf6 44. Kf3 Bc1 45. Bb1 g5 46. hxg5+
Bxg5 47. Bc2 Ke5 48. Bh7 Kd4 49. Bg6 Kc3 50. Bf5 Kd2 51. Bg6 Kc1 52. Bf5 b1=Q
53. Bxb1 Kxb1 54. g4 h4 55. Kg2 Kc2 56. Kf2 Kd3 57. Kf3 Kd4 58. Kf2 Ke4 59. Kg2
Kf4 60. Kh3 Kf3 61. Kh2 Kxg4 62. Kg2 Bf4 63. Kg1 Kg3 64. Kh1 Kh3 65. Kg1 Bg3
66. Kh1 Be1 67. Kg1 Kg3 68. Kh1 h3 69. Kg1 1/2-1/2

[Event "ENCI Limburg-open Veteranen"]
[Site "Maastricht"]
[Date "2009.06.01"]
[Round "5"]
[White "Borsten, Cris"]
[Black "De Kleijnen, Henk"]
[Result "0-1"]
[WhiteElo "1511"]
[BlackElo "1789"]
[PlyCount "38"]
[EventDate "2009.05.29"]
[EventType "swiss"]
[EventRounds "5"]
[EventCountry "NED"]
[Source "P.Boonen"]
[SourceDate "2010.01.01"]

1. e4 e6 2. d4 d5 3. exd5 exd5 4. Nf3 Bd6 5. Bd3 Bg4 6. Nbd2 Nc6 7. h3 Bh5 8.
g4 Bg6 9. Qe2+ Nge7 10. Nb3 Qd7 11. Nc5 Bxc5 12. dxc5 O-O-O 13. Ne5 Bxd3 14.
cxd3 Qe6 15. Nxc6 Qxc6 16. d4 Rde8 17. O-O h5 18. Bf4 Ng6 19. Qf3 Qf6 0-1

[Event "ENCI Limburg-open Veteranen"]
[Site "Maastricht"]
[Date "2009.06.01"]
[Round "5"]
[White "De Wit, Gerrit"]
[Black "Vromans, Nico"]
[Result "1-0"]
[WhiteElo "1682"]
[BlackElo "1784"]
[PlyCount "83"]
[EventDate "2009.05.29"]
[EventType "swiss"]
[EventRounds "5"]
[EventCountry "NED"]
[Source "P.Boonen"]
[SourceDate "2010.01.01"]

1. e4 d6 2. d4 e5 3. dxe5 dxe5 4. Bd3 Be7 5. Nf3 Nc6 6. c3 Nf6 7. O-O Bg4 8.
Qe2 h6 9. Rd1 Bd6 10. Nbd2 Qe7 11. Nc4 O-O 12. Ne3 Be6 13. g3 Ng4 14. Nh4 Nxe3
15. Bxe3 Bc5 16. Nf5 Bxf5 17. exf5 Bxe3 18. Qxe3 a6 19. Re1 Qf6 20. Be4 Rfe8
21. Qc5 Rad8 22. Rad1 Rd6 23. Rxd6 Qxd6 24. Qe3 f6 25. Qf3 Rd8 26. h4 a5 27.
Kg2 Rd7 28. Bc2 Qe7 29. Re2 Nd8 30. a4 Kh8 31. Qe4 c6 32. Qc4 Qf7 33. Qc5 Qd5+
34. Qxd5 Rxd5 35. Bb3 Rd6 36. f4 g5 37. fxg6 Kg7 38. h5 Ne6 39. fxe5 fxe5 40.
Rxe5 Rd2+ 41. Kf1 Ng5 42. Re7+ 1-0

[Event "ENCI Limburg-open Veteranen"]
[Site "Maastricht"]
[Date "2009.06.01"]
[Round "5"]
[White "Kwee, Tjoe Liong"]
[Black "Schreinemachers, Jo"]
[Result "1/2-1/2"]
[WhiteElo "1744"]
[BlackElo "1590"]
[PlyCount "40"]
[EventDate "2009.05.29"]
[EventType "swiss"]
[EventRounds "5"]
[EventCountry "NED"]
[Source "P.Boonen"]
[SourceDate "2010.01.01"]

1. f4 d5 2. Nf3 g6 3. e3 Bg7 4. c4 Nf6 5. Nc3 O-O 6. Be2 c5 7. cxd5 Nxd5 8. O-O
Nc6 9. Qb3 Ndb4 10. a3 Nd3 11. Qc2 Nxc1 12. Raxc1 b6 13. Bc4 Bb7 14. Ng5 Qd7
15. f5 Ne5 16. Bb5 Nc6 17. Bc4 Ne5 18. Bb5 Bc6 19. Bxc6 Qxc6 20. Nce4 h6
1/2-1/2

[Event "ENCI Limburg-open Veteranen"]
[Site "Maastricht"]
[Date "2009.06.01"]
[Round "5"]
[White "Montforts, Ton"]
[Black "Van Pol, Thieu"]
[Result "1/2-1/2"]
[WhiteElo "1646"]
[BlackElo "1495"]
[PlyCount "99"]
[EventDate "2009.05.29"]
[EventType "swiss"]
[EventRounds "5"]
[EventCountry "NED"]
[Source "P.Boonen"]
[SourceDate "2010.01.01"]

1. d4 d5 2. Nf3 Nf6 3. e3 Bg4 4. c4 dxc4 5. Bxc4 e6 6. Qb3 Qc8 7. Nbd2 Nbd7 8.
e4 Nb6 9. Be2 Be7 10. e5 Nfd7 11. O-O c6 12. Ne4 O-O 13. Qc2 Bf5 14. Bd3 g6 15.
Bh6 Rd8 16. Rad1 c5 17. dxc5 Bxe4 18. Bxe4 Nxc5 19. Rxd8+ Qxd8 20. Rd1 Qb8 21.
Qe2 Nbd7 22. Bb1 Bf8 23. Bxf8 Nxf8 24. Qe3 Ncd7 25. Re1 Qe8 26. Nd4 a6 27. Be4
Rb8 28. Bf3 b5 29. Nc6 Rc8 30. Rc1 Kg7 31. Rd1 Nb8 32. Nd4 Qe7 33. g3 Rc5 34.
Nb3 Rc2 35. Qb6 Nfd7 36. Qb7 Qd8 37. Nd4 Rc7 38. Qe4 Qc8 39. Bg4 Rc1 40. Qe3
Rxd1+ 41. Bxd1 Qc4 42. Bb3 Qc8 43. Qf4 Qe8 44. Nf3 Nc5 45. Qf6+ Kg8 46. h4 Nxb3
47. axb3 Nd7 48. Qf4 Qc8 49. Ng5 Qe8 50. Nf3 1/2-1/2